[Event "Omsk RT op"]
[Site "Omsk"]
[Date "2009.??.??"]
[Round "6"]
[White "Dergatchov, Alexander"]
[Black "Potseluev, Sergey"]
[Result "1/2-1/2"]
[WhiteElo "2073"]
[BlackElo "1996"]
[PlyCount "122"]
[EventDate "2009.??.??"]
[EventType "swiss"]
[EventRounds "9"]
[EventCountry "RUS"]
[SourceTitle "EXT 2011"]
[Source "ChessBase"]
[SourceDate "2010.11.26"]
[SourceVersion "1"]
[SourceVersionDate "2010.11.26"]
[SourceQuality "1"]

1. e4 c6 2. d4 d5 3. e5 Bf5 4. Nf3 e6 5. Be2 Ne7 6. 0-0 Nd7 7. Bg5 Qb6 8. b3 c5 9. c4 Nc6 10. cxd5 Nxd4 11. Nxd4 cxd4 12. dxe6 Bxe6 13. Bf4 Be7 14. Nd2 Rd8 15. Rc1 Nc5 16. Nc4 Bxc4 17. Bxc4 0-0 18. Re1 Ne6 19. Bd2 Ba3 20. Rb1 a5 21. Qg4 Rfe8 22. Re4 Bb4 23. Bg5 Nxg5 24. Qxg5 Qg6 25. Qf4 d3 26. Rd1 d2 27. h3 Re7 28. Qe3 Kh8 29. a3 Bxa3 30. Rxd2 Red7 31. Rxd7 Rxd7 32. e6 Re7 33. Qb6 fxe6 34. Qxa5 Re8 35. Rxe6 Rxe6 36. Bxe6 Qxe6 37. Qxa3 Qc8 38. Qb4 h6 39. Qc4 Qd7 40. Kh2 Qd6+ 41. g3 Qb6 42. Kg1 Qd8 43. h4 Qd7 44. b4 b5 45. Qc5 Qd3 46. Kg2 Qe4+ 47. Kf1 Qd3+ 48. Ke1 Kh7 49. h5 Qd7 50. Ke2 Qe6+ 51. Kd3 Qe1 52. Qf5+ Kh8 53. Qf4 Qd1+ 54. Ke4 Qe2+ 55. Kd5 Qxh5+ 56. Kc6 Qe8+ 57. Kb6 Qe2 58. g4 Qc4 59. Qf8+ Kh7 60. Qf5+ Kh8 61. f4 Qxb4 1/2-1/2

[Event "Omsk RT op"]
[Site "Omsk"]
[Date "2009.??.??"]
[Round "2"]
[White "Dergatchov, Alexander"]
[Black "Savostjanov, Igor"]
[Result "0-1"]
[WhiteElo "2073"]
[BlackElo "2120"]
[PlyCount "20"]
[EventDate "2009.??.??"]
[EventType "swiss"]
[EventRounds "9"]
[EventCountry "RUS"]
[SourceTitle "EXT 2011"]
[Source "ChessBase"]
[SourceDate "2010.11.26"]
[SourceVersion "1"]
[SourceVersionDate "2010.11.26"]
[SourceQuality "1"]

1. e4 d5 2. exd5 Nf6 3. d4 Nxd5 4. c4 Nf6 5. Nc3 e6 6. Nf3 Bb4 7. Be3 0-0 8. Qc2 b6 9. a3 Bxc3+ 10. Qxc3 Bb7 0-1

[Event "Marianske Lazne op"]
[Site "Marianske Lazne"]
[Date "2007.01.23"]
[Round "5"]
[White "Dergatchov, Alexander"]
[Black "Wilm, Guenter"]
[Result "1-0"]
[WhiteElo "2073"]
[BlackElo "1888"]
[PlyCount "41"]
[EventDate "2007.01.20"]
[EventType "swiss"]
[EventRounds "9"]
[EventCountry "CZE"]
[SourceTitle "EXT 2008"]
[Source "ChessBase"]
[SourceDate "2007.11.25"]
[SourceVersion "1"]
[SourceVersionDate "2007.11.25"]
[SourceQuality "1"]

1. e4 b6 2. d4 Bb7 3. Nc3 e6 4. a3 d6 5. f4 Nf6 6. Bd3 c5 7. Bb5+ Nbd7 8. d5 a6 9. Bxd7+ Qxd7 10. Nf3 exd5 11. exd5 Be7 12. 0-0 0-0 13. Be3 Rfe8 14. Bf2 Bf8 15. Qd2 Ne4 16. Nxe4 Rxe4 17. Ng5 Ree8 18. Qd3 g6 19. Ne4 Qf5 20. Rae1 Bxd5 21. Qxd5 1-0

[Event "Marianske Lazne op"]
[Site "Marianske Lazne"]
[Date "2007.01.22"]
[Round "3"]
[White "Dergatchov, Alexander"]
[Black "Kozak, Milos"]
[Result "1/2-1/2"]
[WhiteElo "2073"]
[BlackElo "2244"]
[PlyCount "34"]
[EventDate "2007.01.20"]
[EventType "swiss"]
[EventRounds "9"]
[EventCountry "CZE"]
[SourceTitle "EXT 2008"]
[Source "ChessBase"]
[SourceDate "2007.11.25"]
[SourceVersion "1"]
[SourceVersionDate "2007.11.25"]
[SourceQuality "1"]

1. e4 c5 2. Nc3 Nc6 3. g3 g6 4. Bg2 Bg7 5. d3 d6 6. h3 e6 7. Be3 Nge7 8. Qd2 0-0 9. Bh6 Rb8 10. Nf3 Nd4 11. Nxd4 cxd4 12. Bxg7 Kxg7 13. Ne2 e5 14. c3 dxc3 15. bxc3 d5 16. exd5 Nxd5 17. 0-0 b6 1/2-1/2

[Event "Prague op-A 06th"]
[Site "Prague"]
[Date "2007.01.11"]
[Round "1"]
[White "Dergatchov, Alexander"]
[Black "Konopka, Michal"]
[Result "0-1"]
[WhiteElo "2073"]
[BlackElo "2426"]
[PlyCount "72"]
[EventDate "2007.01.11"]
[EventType "swiss"]
[EventRounds "9"]
[EventCountry "CZE"]
[SourceTitle "CBM 116 Extra"]
[Source "ChessBase"]
[SourceDate "2007.03.07"]
[SourceVersion "1"]
[SourceVersionDate "2007.03.07"]
[SourceQuality "1"]

1. e4 Nf6 2. e5 Nd5 3. d4 d6 4. Nf3 Nb6 5. Bd3 g6 6. 0-0 Bg7 7. h3 0-0 8. Re1 dxe5 9. dxe5 Nc6 10. Nc3 Nb4 11. Bg5 h6 12. Bf4 Nxd3 13. cxd3 c6 14. Qd2 Kh7 15. Rad1 Be6 16. Re4 Rh8 17. Rd4 Qc7 18. Ne4 Nd5 19. Nc5 Nxf4 20. Qxf4 Bd5 21. Rc1 Rhf8 22. Rb4 b6 23. Ne4 Rad8 24. d4 Bxa2 25. b3 a5 26. Rbc4 Bxb3 27. Rxc6 Qb8 28. Rc7 Rfe8 29. e6 Bxe6 30. Neg5+ hxg5 31. Nxg5+ Kg8 32. Qh4 Rxd4 33. Qh7+ Kf8 34. Nxe6+ fxe6 35. Qxg6 Red8 36. Qh5 Rd1+ 0-1

[Event "Chigorin Memorial 12th"]
[Site "St Petersburg"]
[Date "2004.10.21"]
[Round "6"]
[White "Yagupov, Igor"]
[Black "Dergatchov, Alexander"]
[Result "1-0"]
[WhiteElo "2509"]
[BlackElo "2087"]
[PlyCount "51"]
[EventDate "2004.10.16"]
[EventType "swiss"]
[EventRounds "9"]
[EventCountry "RUS"]
[SourceTitle "EXT 2005"]
[Source "ChessBase"]
[SourceDate "2004.11.15"]
[SourceVersion "1"]
[SourceVersionDate "2004.11.15"]
[SourceQuality "1"]

1. e4 d5 2. exd5 Qxd5 3. Nc3 Qa5 4. d4 Nf6 5. Nf3 Bg4 6. h3 Bh5 7. g4 Bg6 8. Ne5 e6 9. Bg2 Be4 10. Bxe4 Nxe4 11. Qf3 Nd6 12. Bf4 Be7 13. 0-0-0 0-0 14. Kb1 Na6 15. h4 f6 16. Nd7 Rfd8 17. Qe2 Nf7 18. Qxe6 Re8 19. Rhe1 Rad8 20. Nd5 Nb4 21. Nxe7+ Rxe7 22. Qxe7 Qxa2+ 23. Kc1 h6 24. Qxb4 Rxd7 25. Qa3 Qc4 26. Qd3 1-0

[Event "Marianske Lazne op"]
[Site "Marianske Lazne"]
[Date "2004.01.27"]
[Round "4"]
[White "Turner, Jan"]
[Black "Dergatchov, Alexander"]
[Result "1-0"]
[WhiteElo "2344"]
[BlackElo "2089"]
[PlyCount "47"]
[EventDate "2004.01.24"]
[EventType "swiss"]
[EventRounds "9"]
[EventCountry "CZE"]
[SourceTitle "CBM 098 Extra"]
[Source "ChessBase"]
[SourceDate "2004.03.10"]
[SourceVersion "2"]
[SourceVersionDate "2004.03.10"]
[SourceQuality "1"]

1. Nf3 Nf6 2. b3 b6 3. Bb2 Bb7 4. e3 e6 5. d4 d5 6. Bd3 Nbd7 7. 0-0 Be7 8. c4 0-0 9. Qe2 Re8 10. Nbd2 Bf8 11. Rad1 c5 12. Ne5 Qc7 13. f4 Rad8 14. Ndf3 Ne4 15. Bxe4 dxe4 16. Ng5 Re7 17. dxc5 bxc5 18. Qh5 Nf6 19. Qh3 Rde8 20. Ng4 h6 21. Qxh6 gxh6 22. Nxf6+ Kg7 23. Nxe8+ Kg6 24. Nxc7 1-0

[Event "Chigorin Memorial-B 10th"]
[Site "St Petersburg"]
[Date "2002.11.02"]
[Round "8"]
[White "Timofeev, Andrei"]
[Black "Dergatchov, Alexander"]
[Result "1-0"]
[WhiteElo "2302"]
[BlackElo "2083"]
[PlyCount "143"]
[EventDate "2002.10.25"]
[EventType "swiss"]
[EventRounds "9"]
[EventCountry "RUS"]
[SourceTitle "EXT 2003"]
[Source "ChessBase"]
[SourceDate "2002.11.25"]
[SourceVersion "1"]
[SourceVersionDate "2002.11.25"]
[SourceQuality "1"]

1. c4 g6 2. Nc3 Bg7 3. g3 d6 4. Bg2 c6 5. d3 e5 6. Rb1 Nf6 7. b4 0-0 8. Bg5 h6 9. Bd2 d5 10. cxd5 cxd5 11. Qc1 Kh7 12. Nf3 e4 13. Ne5 d4 14. Nb5 Ne8 15. Nc4 a6 16. Nba3 exd3 17. exd3 Qe7+ 18. Kf1 Bf5 19. Rb3 Nc6 20. Nb6 Rd8 21. Nd5 Qd7 22. Nc4 Bh3 23. Nf4 Bxg2+ 24. Kxg2 b5 25. Nb2 Ne5 26. Qe1 Nd6 27. f3 Qb7 28. Rf1 Rde8 29. Qd1 g5 30. Nh3 g4 31. Ng1 Re6 32. Bf4 gxf3+ 33. Nxf3 Ng4 34. Kh3 Rg6 35. Nh4 Qc8 36. Kg2 Nf5 37. Nxf5 Qxf5 38. Qf3 Rc8 39. Nd1 Rc2+ 40. Nf2 Qh5 41. h3 Ne3+ 42. Bxe3 Qxf3+ 43. Kxf3 dxe3 44. Kxe3 Rxg3+ 45. Kf4 Rg2 46. Ng4 Rxa2 47. Ke4 Kg6 48. Ne3 Rg3 49. d4 Re2 50. Kf4 Rg5 51. h4 Rh5 52. Rg1+ Kh7 53. Kg4 Bxd4 54. Kxh5 Bxe3 55. Rf1 Bf2 56. Rf3 Re5+ 57. Kg4 Re4+ 58. Kf5 Rxb4 59. R3xf2 Rxh4 60. Ra2 Kg7 61. Rg1+ Kf8 62. Rxa6 Rh2 63. Ra8+ Ke7 64. Ra7+ Kd6 65. Ke4 Kc5 66. Rc7+ Kb6 67. Rxf7 b4 68. Rf5 Kc7 69. Rg6 Kd7 70. Rf7+ Ke8 71. Rb7 Kf8 72. Ra6 1-0

[Event "Petrov Memorial op"]
[Site "St Petersburg"]
[Date "2002.02.12"]
[Round "1"]
[White "Dergatchov, Alexander"]
[Black "Alexikov, Alexander"]
[Result "0-1"]
[WhiteElo "2094"]
[BlackElo "2384"]
[PlyCount "68"]
[EventDate "2002.02.12"]
[EventType "swiss"]
[EventRounds "9"]
[EventCountry "RUS"]
[SourceTitle "CBM 086 Extra"]
[Source "ChessBase"]
[SourceDate "2002.03.14"]
[SourceVersion "1"]
[SourceVersionDate "2002.03.14"]
[SourceQuality "1"]

1. e4 c5 2. Nc3 Nc6 3. f4 e6 4. Nf3 a6 5. g3 d6 6. Bg2 b5 7. 0-0 Bb7 8. d3 Rc8 9. g4 Nd4 10. Ne2 Nxf3+ 11. Bxf3 e5 12. Ng3 g6 13. c3 Bg7 14. f5 Bf6 15. Be3 Bg5 16. Qd2 h6 17. Rad1 Bxe3+ 18. Qxe3 Qg5 19. Qf2 Nf6 20. h3 Qh4 21. Bg2 0-0 22. Qe3 Qg5 23. Qxg5 hxg5 24. fxg6 fxg6 25. Rfe1 Kf7 26. Nf1 Ke7 27. Nd2 Nh7 28. Nf3 Rf4 29. Kh2 Kf6 30. Kg3 Nf8 31. d4 cxd4 32. cxd4 Rc2 33. dxe5+ dxe5 34. Rd2 Rxf3+ 0-1

[Event "RUS-ch sf"]
[Site "Novosibirsk"]
[Date "2002.??.??"]
[Round "1"]
[White "Zablotsky, Sergei"]
[Black "Dergatchov, Alexander"]
[Result "1-0"]
[WhiteElo "2364"]
[BlackElo "2096"]
[PlyCount "95"]
[EventDate "2002.??.??"]
[EventType "swiss"]
[EventRounds "9"]
[EventCountry "RUS"]
[SourceTitle "EXT 2007"]
[Source "ChessBase"]
[SourceDate "2006.11.23"]
[SourceVersion "1"]
[SourceVersionDate "2006.11.23"]
[SourceQuality "1"]

1. Nf3 b6 2. g3 Bb7 3. Bg2 e5 4. 0-0 d6 5. c4 Nf6 6. Nc3 Be7 7. d3 0-0 8. e4 Nbd7 9. Nh4 Re8 10. Nf5 Bf8 11. g4 Nc5 12. g5 Nfd7 13. h4 Ne6 14. Qg4 Ndc5 15. Rd1 a5 16. Be3 c6 17. d4 exd4 18. Nxd4 Qc7 19. h5 Rad8 20. Qg3 Nxd4 21. Rxd4 Qe7 22. Rad1 Rd7 23. Bh3 Rdd8 24. g6 Bc8 25. gxh7+ Kh8 26. Bg2 Qe6 27. h6 g6 28. e5 Bd7 29. exd6 Kxh7 30. Bf3 f6 31. Kg2 Qf7 32. b3 Re6 33. a3 Nxb3 34. Rf4 Nc5 35. Bxc5 bxc5 36. Ne4 Rxe4 37. Rxe4 g5 38. Ree1 Qxc4 39. Be4+ Kh8 40. Qf3 Qf7 41. Qc3 Bg4 42. Qxa5 Rc8 43. Rd3 c4 44. Rg3 Be6 45. Rd1 f5 46. d7 Bxd7 47. Qe5+ Kh7 48. Rxd7 1-0

[Event "RUS-ch sf"]
[Site "Novosibirsk"]
[Date "2002.??.??"]
[Round "8"]
[White "Zakharov, Alexander Jr"]
[Black "Dergatchov, Alexander"]
[Result "1-0"]
[WhiteElo "2411"]
[BlackElo "2096"]
[PlyCount "85"]
[EventDate "2002.??.??"]
[EventType "swiss"]
[EventRounds "9"]
[EventCountry "RUS"]
[SourceTitle "EXT 2007"]
[Source "ChessBase"]
[SourceDate "2006.11.23"]
[SourceVersion "1"]
[SourceVersionDate "2006.11.23"]
[SourceQuality "1"]

1. d4 c5 2. d5 f5 3. g3 Nf6 4. Bg2 g6 5. Nh3 Na6 6. 0-0 d6 7. Nc3 Nc7 8. a4 b6 9. e4 fxe4 10. Ng5 Bg7 11. Ncxe4 0-0 12. c4 Rb8 13. Re1 a6 14. Nxf6+ exf6 15. Ne6 Nxe6 16. dxe6 Re8 17. Bd5 Re7 18. Bf4 g5 19. Bd2 Qe8 20. f4 Qg6 21. g4 f5 22. fxg5 Bd4+ 23. Kh1 Bxe6 24. Rxe6 Rxe6 25. Qc2 Rf8 26. Re1 Be5 27. Rf1 Kh8 28. Bxe6 Qxe6 29. gxf5 Qe8 30. Qe4 Qxa4 31. Bf4 Bxb2 32. Bxd6 Re8 33. Qg2 Qxc4 34. Qxb2+ Kg8 35. Qg2 Qd3 36. f6 Kf7 37. Be7 c4 38. h4 b5 39. h5 Rg8 40. Bc5 Rxg5 41. Qb7+ Ke6 42. Qe7+ Kd5 43. Qd6+ 1-0

[Event "Genova op"]
[Site "Genova"]
[Date "2001.11.23"]
[Round "6"]
[White "Dergatchov, Alexander"]
[Black "Di Paolo, Raffaele"]
[Result "0-1"]
[WhiteElo "2083"]
[BlackElo "2312"]
[PlyCount "124"]
[EventDate "2001.11.19"]
[EventType "swiss"]
[EventRounds "9"]
[EventCountry "ITA"]
[SourceTitle "CBM 085 Extra"]
[Source "ChessBase"]
[SourceDate "2002.01.21"]
[SourceVersion "1"]
[SourceVersionDate "2002.01.21"]
[SourceQuality "1"]

1. Nf3 d6 2. g3 g6 3. Bg2 Bg7 4. c3 Nf6 5. d3 0-0 6. Bg5 h6 7. Bd2 e5 8. Qc1 Kh7 9. Na3 Nbd7 10. 0-0 e4 11. dxe4 Nxe4 12. Be3 Ndf6 13. Nc4 Re8 14. Qc2 Bf5 15. Nd4 Nxg3 16. Nxf5 Nxf5 17. Bxb7 Nh4 18. Bf4 Rb8 19. Bc6 Qc8 20. Bg3 Qh3 21. Ne3 d5 22. Bxh4 Qxh4 23. Ng2 Qh3 24. f3 Re5 25. e4 dxe4 26. Bxe4 Rd8 27. Rae1 Rg5 28. Rf2 Bf8 29. b4 Bd6 30. f4 Rh5 31. Ne3 Re8 32. Nf1 Nxe4 33. Rxe4 Rxe4 34. Qxe4 Qxc3 35. f5 Rg5+ 36. Kh1 gxf5 37. Rxf5 Rxf5 38. Qxf5+ Kg7 39. Qg4+ Kf8 40. b5 Qd3 41. Ng3 Bxg3 42. hxg3 Qb1+ 43. Kg2 Qxa2+ 44. Kh1 Qd5+ 45. Kg1 Qxb5 46. Qc8+ Kg7 47. Qg4+ Qg5 48. Qd4+ Qf6 49. Qg4+ Kh7 50. Qe4+ Qg6 51. Qe5 c5 52. Kh1 c4 53. Qd4 Qc6+ 54. Kh2 a5 55. Qa7 Qd5 56. Qf2 Kg8 57. Qe3 h5 58. Qe2 c3 59. Qe8+ Kg7 60. g4 c2 61. Qe3 Qd6+ 62. Kg2 Qc6+ 0-1

[Event "Genova op"]
[Site "Genova"]
[Date "2001.11.21"]
[Round "3"]
[White "Dergatchov, Alexander"]
[Black "Naumkin, Igor"]
[Result "0-1"]
[WhiteElo "2083"]
[BlackElo "2411"]
[PlyCount "34"]
[EventDate "2001.11.19"]
[EventType "swiss"]
[EventRounds "9"]
[EventCountry "ITA"]
[SourceTitle "CBM 085 Extra"]
[Source "ChessBase"]
[SourceDate "2002.01.21"]
[SourceVersion "1"]
[SourceVersionDate "2002.01.21"]
[SourceQuality "1"]

1. e4 e5 2. Nf3 Nc6 3. Nc3 Nf6 4. Bc4 Nxe4 5. Nxe4 d5 6. Bb5 dxe4 7. Nxe5 Qd5 8. Bxc6+ bxc6 9. Ng4 f5 10. Ne3 Qe6 11. g3 Be7 12. d3 0-0 13. 0-0 f4 14. Ng2 f3 15. Ne3 Qh3 16. dxe4 Rf6 17. Re1 Bg4 0-1